Bài tập toán cao cấp T.3 Phép tính giải tích nhiều biến số

Αποθηκεύτηκε σε:
Λεπτομέρειες βιβλιογραφικής εγγραφής
Κύριος συγγραφέας: Nguyễn Đình Trí chủ biên
Άλλοι συγγραφείς: Nguyễn Hồ Quỳnh, Tạ Văn Đĩnh
Μορφή: Βιβλίο
Έκδοση: H. Giáo dục 2000
Έκδοση:tái bản lần thứ 2
Θέματα:
Ετικέτες: Προσθήκη ετικέτας
Δεν υπάρχουν, Καταχωρήστε ετικέτα πρώτοι!
Thư viện lưu trữ: Trung tâm Học liệu Lê Vũ Hùng, Trường Đại học Đồng Tháp
LEADER 01003pam a22002898a 4500
001 00023632
005 20171026081022.0
008 110628s2000 ||||||Viesd
020 |c 25600 
041 0 # |a Vie 
082 1 # |a 515  |b B103T 
100 0 # |a Nguyễn Đình Trí  |c chủ biên 
245 0 0 |a Bài tập toán cao cấp  |c Nguyễn Đình Trí; Tạ Văn Đĩnh, Nguyễn Hồ Quỳnh  |n T.3  |p Phép tính giải tích nhiều biến số 
250 # # |a tái bản lần thứ 2 
260 # # |a H.  |b Giáo dục  |c 2000 
300 # # |c 21 cm.  |a 499 tr.  |b Hình vẽ 
653 # # |a Bài tập 
653 # # |a Toán cao cấp 
653 # # |a Giải tích 
700 0 # |a Nguyễn Hồ Quỳnh 
700 0 # |a Tạ Văn Đĩnh 
852 # # |b Kho giáo trình  |j KGT.0004626 
852 # # |b Kho mượn  |j KGT.0004626 
852 # # |j KGT.0004626 
910 |d 28/06/2011 
980 # # |a Trung tâm Học liệu Lê Vũ Hùng, Trường Đại học Đồng Tháp